000 00275nam a22001097a 4500
005 20251013102321.0
008 251013b |||||||| |||| 00| 0 eng d
040 _cPK-LaNCA
082 _a728.73
_bLOG
245 _aThe log home: classic log cabins of North America
942 _cBK
999 _c66983
_d66983